Central Library OPAC University of Rajshahi

Taxation in medieval England / (Record no. 3316)

MARC details
000 -LEADER
fixed length control field 00756cam a2200241 4500
001 - CONTROL NUMBER
control field 3316
003 - CONTROL NUMBER IDENTIFIER
rucl marc code BD-RjUL
005 - DATE AND TIME OF LATEST TRANSACTION
control field 20211208233718.0
008 - FIXED-LENGTH DATA ELEMENTS--GENERAL INFORMATION
fixed length control field 131218s19511951ctu b 001 0 eng
035 ## - SYSTEM CONTROL NUMBER
System control number (BD-RjUL)3350
040 ## - CATALOGING SOURCE
Original cataloging agency DLC
Transcribing agency DLC
Modifying agency BD-RjUL
-- DLC
Language of cataloging eng
041 ## - LANGUAGE CODE
Language code of text/sound track or separate title eng
082 00 - DEWEY DECIMAL CLASSIFICATION NUMBER
Classification number 336.200942
Author mark and year MIT 1951
100 1# - MAIN ENTRY--PERSONAL NAME
Personal name Mitchell, Sydney Knox.
9 (RLIN) 10443
245 10 - TITLE STATEMENT
Title Taxation in medieval England /
Statement of responsibility, etc. Edited by Sidney Painter.
260 ## - PUBLICATION, DISTRIBUTION, ETC. (IMPRINT)
Place of publication, distribution, etc. London :
Name of publisher, distributor, etc. Oxford University Press,
Date of publication, distribution, etc. c1951.
300 ## - PHYSICAL DESCRIPTION
Pagination 413 p. :
Size 23 cm.
504 ## - BIBLIOGRAPHY, ETC. NOTE
Bibliography, etc Includes Index & bibliographical references.
650 #0 - SUBJECT ADDED ENTRY--TOPICAL TERM
Topical term or geographic name as entry element Taxation
Geographic subdivision England
General subdivision History
Chronological subdivision To 1500.
9 (RLIN) 10444
651 #0 - SUBJECT ADDED ENTRY--GEOGRAPHIC NAME
Geographic name England
General subdivision Economic conditions
Chronological subdivision 1066-1485.
9 (RLIN) 10445
942 ## - ADDED ENTRY ELEMENTS (KOHA)
Source of classification or shelving scheme Dewey Decimal Classification
Koha item type Books
Holdings
Lost status Source of classification or shelving scheme Damaged status Not for loan Collection code Permanent Location Current Location Shelving location Date acquired Source of acquisition Cost, normal purchase price Total Checkouts Full call number Date last seen Copy number Koha item type
  Dewey Decimal Classification   Not For Loan Non-fiction Central Library, University of Rajshahi Central Library, University of Rajshahi Reading Room 01/08/1955 O.U.P 20.00   336.200942 MIT 1951 18/12/2013 C-1 Books